Reaction kinetics for chemical engineers (Record no. 12493)

000 -LEADER
fixed length control field 00585nam a22002051 4500
001 - CONTROL NUMBER
control field 12493
003 - CONTROL NUMBER IDENTIFIER
control field BD-DhUET
008 - FIXED-LENGTH DATA ELEMENTS--GENERAL INFORMATION
fixed length control field 720413s1959 nyua b 000 0 eng
040 ## - CATALOGING SOURCE
Original cataloging agency DLC
Transcribing agency DLC
Modifying agency BD-DhUET
082 ## - DEWEY DECIMAL CLASSIFICATION NUMBER
Classification number 660.2994
Item number WAL/1959
100 1# - MAIN ENTRY--PERSONAL NAME
Personal name Walas, Stanley M.
245 10 - TITLE STATEMENT
Title Reaction kinetics for chemical engineers
250 ## - EDITION STATEMENT
Edition statement 1st ed.
260 ## - PUBLICATION, DISTRIBUTION, ETC. (IMPRINT)
Place of publication, distribution, etc. New York
Name of publisher, distributor, etc. McGraw-Hill
Date of publication, distribution, etc. 1959
300 ## - PHYSICAL DESCRIPTION
Extent 338 p.
Other physical details ill.
490 ## - SERIES STATEMENT
Series statement McGraw - Hill chemical engineering series
504 ## - BIBLIOGRAPHY, ETC. NOTE
Bibliography, etc Includes bibliographies
650 #0 - SUBJECT ADDED ENTRY--TOPICAL TERM
Topical term or geographic name as entry element Kinetics : Reactions : Chemical Engineering
942 ## - ADDED ENTRY ELEMENTS (KOHA)
Koha item type General Book
Holdings
Lost status Damaged status Withdrawn status Source of classification or shelving scheme Piece designation (barcode) Date acquired Sublocation or collection (holding branch) Not for loan Koha item type Koha normalized classification for sorting Copy number Koha full call number Shelving location Location (home branch) Price effective from Koha date last seen
    260732015-02-26Central Library, BUET General Book660_299400000000000_WAL_19591660.2994/WAL/1959Circulation sectionCentral Library, BUET2015-02-262015-02-26
    298822015-03-01Central Library, BUET General Book660_299400000000000_WAL_19592660.2994/WAL/1959Circulation sectionCentral Library, BUET2015-03-012015-03-01
    298782015-03-31Central Library, BUET General Book660_299400000000000_WAL_19593660.2994/WAL/1959Circulation sectionCentral Library, BUET2015-03-312015-03-31
    298752015-03-31Central Library, BUET General Book660_299400000000000_WAL_19594660.2994/WAL/1959Circulation sectionCentral Library, BUET2015-03-312015-03-31
    258932015-03-31Central Library, BUET General Book660_299400000000000_WAL_19595660.2994/WAL/1959Circulation sectionCentral Library, BUET2015-03-312015-03-31
    21142015-04-04Central Library, BUET General Book660_299400000000000_WAL_19596660.2994/WAL/1959Circulation sectionCentral Library, BUET2015-04-042015-04-04
    298742015-04-07Central Library, BUET General Book660_299400000000000_WAL_19597660.2994/WAL/1959Circulation sectionCentral Library, BUET2015-04-072015-04-07
    298812015-06-18Central Library, BUET Reading Item660_299400000000000_WAL_19598660.2994/WAL/1959Reading sectionCentral Library, BUET2015-06-182015-06-18
    298792015-06-18Central Library, BUET Reading Item660_299400000000000_WAL_19599660.2994/WAL/1959Reading sectionCentral Library, BUET2015-06-182015-06-18
    78992015-06-18Central Library, BUET Reading Item660_299400000000000_WAL_195910660.2994/WAL/1959Reading sectionCentral Library, BUET2015-06-182015-06-18
    79002015-06-18Central Library, BUET Reading Item660_299400000000000_WAL_195911660.2994/WAL/1959Reading sectionCentral Library, BUET2015-06-182015-06-18
    298802015-06-28Central Library, BUET Reading Item660_299400000000000_WAL_195912660.2994/WAL/1959Reading sectionCentral Library, BUET2015-06-282015-06-28
    298762015-06-28Central Library, BUET Reading Item660_299400000000000_WAL_195913660.2994/WAL/1959Reading sectionCentral Library, BUET2015-06-282015-06-28